| 000 | 01896cam a2200493 a 4500 | ||
|---|---|---|---|
| 005 | 20240610090258.0 | ||
| 008 | 100809s2001||||sp a f |||| 001 0 spa d | ||
| 020 | _a8448603222 | ||
| 041 | _aspa | ||
| 092 |
_c612 _l31 _sGUY |
||
| 100 | 1 |
_aGuyton, Arthur C. _9892 |
|
| 245 |
_aTratado de Fisiología Médica / _cArthur C. Guyton. |
||
| 250 |
_a10a ed. versión en español de la 10a ed. de la obra en inglés _bTraducción José Luis Agud Aparicio; Isabel Alvarez Baleriola; Consuelo de Dios Perrino; Luis González Trigueros; Santiago Madero García; Ignacio Navasgues Benlloch; Elena de Terán Bleiberg. |
||
| 260 |
_aMéxico: _bMcGraw-Hill Interamericana; _c2001. |
||
| 300 |
_a1280 p. _bil. |
||
| 500 | _aGuyton, A. C. y Hall, J. E. (2001). Tratado de Fisiología Médica. (10a ed.). México : McGraw-Hill Interamericana. | ||
| 653 | _aFisiología general y celular | ||
| 653 | _aFisiología de la membrana, del nervio y del músculo | ||
| 653 | _aCorazón | ||
| 653 | _aCirculación | ||
| 653 | _aRiñones y líquidos corporales | ||
| 653 | _aCélulas sanguíneas, inmunidad y coagulación de la sangre | ||
| 653 | _aRespiración | ||
| 653 | _aFisiología de la aviación, el espacio y la inmersión a gran profundidad | ||
| 653 | _aSistema nervioso: generalidades y fisiología sensitiva | ||
| 653 | _aSistema nervioso: sentidos especiales | ||
| 653 | _aSistema nervioso: neurofisiología motora e integradora | ||
| 653 | _aFisiología gastrointestinal | ||
| 653 | _aMetabolismo y regulación de la temperatura | ||
| 653 | _aEndrocrinología y reproducción | ||
| 653 | _aFisiología de los deportes | ||
| 700 | 1 |
_aHall, John E. _941 |
|
| 930 | _a1077 | ||
| 930 | _a1076 | ||
| 930 | _a1075 | ||
| 930 | _a1074 | ||
| 930 | _a1073 | ||
| 930 | _a1072 | ||
| 930 | _a880 | ||
| 930 | _a879 | ||
| 930 | _a878 | ||
| 930 | _a877 | ||
| 942 |
_2ddc _cBK _02 |
||
| 999 |
_c584 _d584 |
||